Markov processes for stochastic modelling

Saved in:
Bibliographic Details
Main Author: Kijima, Masaaki 1957-
Format: Book
Language:English
Published: London : Chapman & Hall, c1997
Series:Stochastic modeling
Subjects:
Tags: Add Tag
No Tags, Be the first to tag this record!

MARC

LEADER 00000nam a2200000 i 4500
001 1/8551
008 000804s1997 eng d
020 |a 0412606607 
035 |l 10062714 
040 |a GR-MY-UA  |b gre  |e aacr 
041 0 |a eng 
082 0 |a 519.233 
100 1 |a Kijima, Masaaki  |d 1957- 
245 1 0 |a Markov processes for stochastic modelling /  |c Masaaki Kijima 
260 |a London :   |b Chapman & Hall,   |c c1997 
300 |a x, 341 p.;  |b ill.;  |c 25 cm. 
490 1 |a Stochastic modeling 
504 |a Includes bibliographical references and index 
650 0 0 |a Markov processes. 
650 0 0 |a Probabilities. 
650 0 0 |a Stochastic processes. 
830 0 |a Stochastic modeling 
852 |a INST  |b SAMOS  |e 20000804  |h 519.233 KIJ  |p 005300019304  |q 005300019304  |t BK  |y 0 
901 |a BIBL3-2000-2 
909 |a Σ  |b 078819 
922 |a 3ΕΛΗ  |b 200005  |c ΤΜΗΜΑ ΜΑΘΗΜΑΤΙΚΩΝ  |d ΠΑΠΑΣΩΤΗΡΙΟΥ 
950 |a 116-2000-01-19 
970 |a ΠΟΥΡΝΑΡΑΣ  |b ΔΗΜΗΤΡΗΣ  |z 2000/08/04